Die Nabatäer - fremd und fromm. Religiöses Verhalten einer früharabischen Gesellschaft

Saved in:  
Bibliographic Details
Main Author: Wenning, Robert 1946- (Author)
Format: Print Article
Language:German
Check availability: HBZ Gateway
Interlibrary Loan:Interlibrary Loan for the Fachinformationsdienste (Specialized Information Services in Germany)
Published: 2000
In: Antike Randgesellschaften und Randgruppen im östlichen Mittelmeerraum
Year: 2000, Pages: 116-136
Standardized Subjects / Keyword chains:B Israel (Antiquity) / Religion
IxTheo Classification:HB Old Testament
Further subjects:B Nabataeans

MARC

LEADER 00000caa a22000002c 4500
001 1589226968
003 DE-627
005 20211116153412.0
007 tu
008 190311s2000 xx ||||| 00| ||ger c
020 |a 3825841898 
035 |a (DE-627)1589226968 
035 |a (DE-576)519226968 
035 |a (DE-599)BSZ519226968 
040 |a DE-627  |b ger  |c DE-627  |e rakwb 
041 |a ger 
084 |a 1  |2 ssgn 
100 1 |0 (DE-588)1036574563  |0 (DE-627)750573287  |0 (DE-576)384851991  |4 aut  |a Wenning, Robert  |d 1946- 
109 |a Wenning, Robert 1946-  |a Wenning, R. 1946- 
245 1 4 |a Die Nabatäer - fremd und fromm. Religiöses Verhalten einer früharabischen Gesellschaft 
264 1 |c 2000 
336 |a Text  |b txt  |2 rdacontent 
337 |a ohne Hilfsmittel zu benutzen  |b n  |2 rdamedia 
338 |a Band  |b nc  |2 rdacarrier 
601 |a Verhalten 
601 |a Gesellschaft 
650 0 7 |0 (DE-588)4041013-4  |0 (DE-627)106220896  |0 (DE-576)209043059  |a Nabatäer  |2 gnd 
652 |a HB 
689 0 0 |d g  |0 (DE-588)4072956-4  |0 (DE-627)106093711  |0 (DE-576)209188804  |2 gnd  |a Israel  |g Altertum 
689 0 1 |d s  |0 (DE-588)4049396-9  |0 (DE-627)106187155  |0 (DE-576)209081880  |2 gnd  |a Religion 
689 0 |5 (DE-627) 
773 0 8 |i In  |t Antike Randgesellschaften und Randgruppen im östlichen Mittelmeerraum  |d Münster [u.a.] : Lit, 2000  |g (2000), Seite 116-136  |h 221 S.  |w (DE-627)31602872X  |w (DE-576)086184512  |z 3825841898  |7 nnam 
773 1 8 |g year:2000  |g pages:116-136 
935 |a BIIN 
951 |a AR 
BIB |a 1 
ELC |b 1 
ITA |a 1  |t 1 
LOK |0 000 xxxxxcx a22 zn 4500 
LOK |0 001 3059011842 
LOK |0 003 DE-627 
LOK |0 004 1589226968 
LOK |0 005 20211116153412 
LOK |0 008 190311||||||||||||||||ger||||||| 
LOK |0 035   |a (DE-Tue135-1)118766 
LOK |0 040   |a DE-Tue135-1  |c DE-627  |d DE-Tue135-1 
LOK |0 852   |a DE-Tue135-1 
LOK |0 852 1  |c FTHNT046220/WGR  |m p  |9 00 
LOK |0 852 2  |b F 86  |9 00 
LOK |0 935   |a iSWA 
LOK |0 936ln  |0 1442044128  |a HB 
LOK |0 938   |k p 
LOK |0 939   |a 11-03-19  |b l01 
ORI |a SA-MARC-ixtheoa001.raw 
REF |a Ägyptische Religion,Griechische Religion 
STA 0 0 |a Nabataeans,Nabateans,Religion,Religion in literature,Religions,Religion 
STB 0 0 |a Nabatéens,Religion,Religions,Religion 
STC 0 0 |a Nabateos,Religión,Religión,Religión 
STD 0 0 |a Nabatei,Religione,Religione,Religione 
STE 0 0 |a 宗教,宗教,纳巴泰人,纳巴提人 
STF 0 0 |a 宗教,宗教,納巴泰人,納巴提人 
STG 0 0 |a Nabateus,Religião,Religião 
STH 0 0 |a Набатеи,Религия,Религия (мотив) 
STI 0 0 |a Θρησκεία,Θρησκεία (μοτίβο),Ναβαταίοι 
SUB |a BIB 
SYG 0 0 |a Israel , Medinat Jisrael,Yiśraʾel,Ereṣ Yiśraʾel,Israël,Etat d'Israël,State of Israel,Yiśrāʾēl,Ereṣ Yiśrāʾēl,Medînat Yiśrā'ēl,Isrāʾīl,Izrael , Israel,Israel,Isrā'īl al-Kaskari , Religion,Mystik,Mythologie